| 000 | 00667nam a2200229Ia 4500 | ||
|---|---|---|---|
| 003 | OSt | ||
| 005 | 20220928103440.0 | ||
| 006 | a|||||r|||| 00| 0 | ||
| 007 | ta | ||
| 008 | 220927b |||||||| |||| 00| 0 eng d | ||
| 024 | _a65003 | ||
| 037 | _cReference Collections | ||
| 040 |
_aSDCL _cSDCL _beng |
||
| 041 |
_2eng _aeng |
||
| 082 | _aZ1v2'B, F0 | ||
| 100 |
_aBandyopadhyay Pramathanath _9404100 |
||
| 245 | 0 | _aInternational Law and Custom in Ancient India | |
| 260 |
_aDelhi _bRamanand Vidya Bhawan _c1920 |
||
| 300 |
_a2-161 p. _ccm. |
||
| 942 |
_hZ1v2'B, F0 _cREF _2CC |
||
| 999 |
_c719856 _d719856 |
||